| 000 | 00608nam a2200181Ia 4500 | ||
|---|---|---|---|
| 008 | 090630s9999 xx 000 0 und d | ||
| 082 | _b28506 | ||
| 100 | _aविद्वांस अनंत. | ||
| 245 |
_aनेत्ररक्षा. _cविद्वांस अनंत. |
||
| 260 |
_bमनोरमा - मुंबई. _c2005 |
||
| 300 | _a56 | ||
| 600 | _aविद्वांस अनंत. | ||
| 630 | _aनेत्ररक्षा. | ||
| 655 | _aइतर. | ||
| 700 | _aविद्वांस अनंत. | ||
| 730 | _aनेत्ररक्षा. | ||
| 942 | _cBOOK | ||
| 999 |
_c280362 _d280362 |
||